| 000 | 00427nam a2200181Ia 4500 | ||
|---|---|---|---|
| 001 | 19196 | ||
| 005 | 20260306171726.0 | ||
| 008 | 260306s9999||||xx |||||||||||||| ||und|| | ||
| 041 | _aESP | ||
| 082 |
_aS 658.8 _bV65 |
||
| 100 |
_aVildosola Basay, Mario _eAUT |
||
| 245 | 0 | _aGestión de Mercadotecnia | |
| 260 | _c2002 | ||
| 300 |
_a467 páginas : _c24 cm. |
||
| 650 | _aGEN | ||
| 654 | _aCAN | ||
| 942 |
_cLIB _dJUS _fJUS _2ddc _n |
||
| 999 |
_c19196 _d19196 |
||